American History Groups of Things #6 - Statistics

General Stats
  • This quiz has been taken 14 times
  • The average score is 8 of 32
Answer Stats
Category Answer % Correct
Political Parties of Presidents Democrat
100%
Political Parties of Presidents Republican
100%
Political Parties of Presidents Whig
100%
Political Parties of Presidents Federalist
77%
Political Parties of Presidents Democratic-Republican
54%
Positions held by Henry Kissinger Secretary of State
54%
Reconstruction Amendments 13th - Abolition of slavery
46%
Reconstruction Amendments 14th - Birthright citizenship/equal protection
46%
Reconstruction Amendments 15th - Black voting rights
46%
George Washington's Council of War Marquis de Lafayette
23%
FDR's Second Bill of Rights Adequate medical care
15%
FDR's Second Bill of Rights A useful job
15%
George Washington's Council of War Charles Lee
15%
George Washington's Council of War Henry Knox
15%
George Washington's Council of War Horatio Gates
15%
George Washington's Council of War Israel Putnam
15%
George Washington's Council of War John Sullivan
15%
George Washington's Council of War Nathanael Greene
15%
Positions held by Henry Kissinger National Security Advisor
15%
FDR's Second Bill of Rights A decent home
8%
George Washington's Council of War Anthony Wayne
8%
George Washington's Council of War Artemas Ward
8%
FDR's Second Bill of Rights Fair income
8%
George Washington's Council of War Friedrich von Steuben
8%
FDR's Second Bill of Rights Good education
8%
George Washington's Council of War William Heath
8%
George Washington's Council of War William "Lord Stirling" Alexander
8%
FDR's Second Bill of Rights Fair business practices
0%
FDR's Second Bill of Rights Farmer's right to make a profit
0%
George Washington's Council of War John Varnum
0%
George Washington's Council of War Phillip Schuyler
0%
FDR's Second Bill of Rights Protection from economic fears
0%
No matching quizzes found
Score Distribution
Percent of People with Each Score
Percentile by Number Answered
Your Score History
You have not taken this quiz